00728nam a2200253Ia 4500008004100000020001500041050001000056050001400066245002800080245005700108260001800165260003700183260000900220300001600229300002600245300001000271440005200281440000600333500004800339650001900387650001700406650002600423700002500449171120s9999 xx 000 0 und d a9622582281 a959.9 bK191 1998 aReform and revolution / cby Milagros C. Guerrero and John N. Schumacher, S.J. aPhilippines : bAsia Publishing Company Limited, c1998 a303 pages : bcolor illustrations ; c29cm. aKasaysayan : the story of the Filipino people ; v5 aIncludes bibliographic reference and index. aPhilippines -- aPhilippines. xHistory -- 1521-1812. aSchumacher, John N.